000 01305nam0a22002891 4500
001 rc\2846455
005 20260528163624.0
035 _a(NLR Aleph) 007002264
090 _a5732918
_c5732918
100 _a20110701d1928 |||y0rusy50 ca
101 0 _arus
102 _aRU
105 _ay z |||||
200 1 _aПамятка отпускника на 1928 год
_e4-й год изд.
_fПод ред. Е.П. Атакова, Е.С. Коган, Б.С. Ольхового
_gАгитпропы ЦК и МК ВКП(б) и Губ совет Моск. рабоч. о-ва шефства над деревней
210 _a[Москва]
_cИзд-во "Московский рабочий"
_d[1928]
_gМосполиграф 14-я тип.
215 _a303 с., [17] с. объявл.
_d17×13 см
320 _aБиблиогр.: "Список литературы, рекомендуемой для рабочих, связанных с деревней" (на 12 страницах)
702 1 _aАтаков
_bЕ. П.
_gЕфим Петрович
_4340
702 1 _aКоган
_bЕ. С.
_4340
702 1 _aОльховой
_bБ. С.
_4340
801 0 _aRU
_bNLR
_gpsbo
801 1 _aRU
_bELAR
_2rusmarc
852 _aNLR
_j50/138(1)
852 _aNLR
_j58/203
942 _cBOOK
980 _aNB